Das „Vater Unser“ klicken - Statistiken

Allgemein
  • Dieses Quiz wurde 153 mal gespielt
  • Das Durchschnittsergebnis liegt bei 32 aus 63
Antwortstatistiken
Hint Antwort % Korrekt
- Vater
95%
Vater unser
90%
im Himmel,
87%
unser im
84%
werde dein
83%
dein Name.
82%
geheiligt werde
82%
Himmel, geheiligt
81%
Dein Reich
73%
Name. Dein
71%
Reich komme.
71%
Wille geschehe,
69%
Dein Wille
69%
komme. Dein
67%
Himmel, so
65%
im Himmel,
64%
wie im
64%
geschehe, wie
63%
auf Erden.
57%
so auf
54%
tägliches Brot
47%
Brot gib
47%
gib uns
47%
uns heute.
46%
unsere Schuld,
45%
unsern Schuldigern.
45%
vergib uns
43%
vergeben unsern
43%
Und führe
42%
nicht in
42%
uns nicht
42%
heute. Und
42%
führe uns
42%
uns unsere
42%
wir vergeben
42%
in Versuchung,
42%
auch wir
42%
wie auch
41%
dem Bösen.
40%
Unser tägliches
40%
sondern erlöse
39%
Schuld, wie
39%
Versuchung, sondern
38%
Erden. Unser
38%
Und vergib
38%
uns von
38%
Denn dein
37%
Bösen. Denn
37%
erlöse uns
37%
von dem
36%
in Ewigkeit.
36%
Ewigkeit Amen.
35%
und die
35%
und die
35%
dein ist
35%
das Reich
35%
die Herrlichkeit
34%
Herrlichkeit in
34%
Schuldigern. Und
33%
Reich und
33%
Kraft und
32%
ist das
31%
die Kraft
31%
Keine übereinstimmenden Quizze gefunden
Verteilung der Resultate
Anzahl Personen mit jedem Resultat
Perzentil nach korrekt beantworteten Fragen
Ihre Resultats-Entwicklung
Sie haben dieses Quiz noch nicht gespielt